МАРК-запис
| 000 -Лідер |
| fixed length control field |
04324nam a22003377a 4500 |
| 003 - Ідентифікатор контрольного номера |
| control field |
UA-OsUOA |
| 001 - Контрольний номер |
| control field |
59380 |
| 007 - Фіксоване поле фізичного опису |
| fixed length control field |
ta |
| 008 - Елементи даних фіксованої довжини – загальна інформація |
| fixed length control field |
20090323b un ||||| |||| 00| 0 ukr d |
| 090 ## - Локальний шифр розміщення |
| Класифікаційний індекс УДК |
297:34 |
| Авторський знак (НП) |
Л82 |
| 040 ## - Джерело каталогізації |
| Агенція оригінальної каталогізації |
UA-OsUOA |
| Мова каталогізації |
ukr |
| Агенція, яка здійснювала перезапис |
UA-OsUOA |
| Агенція, яка здійснювала модифікацію |
UA-OsUOA |
| 041 ## - Код мови |
| Код мови тексту/ звукової доріжки чи окремого заголовка (П) |
ukr |
| 080 ## - Індекс Універсальної десяткової класифікації |
| Індекс Універсальної десяткової класифікації (УДК) (НП) |
297:34 |
| 020 ## - Міжнародний стандартний книжковий номер (ISBN) |
| Міжнародний стандартний книжковий номер (ISBN) (НП) |
978-966-8226-78-6 |
| 100 ## - Основне введення – ім’я особи |
| Ім’я особи (НП) |
Лубська М. |
| 245 ## - Відомості про назву |
| Назва (НП) |
Мусульманське право: сутність, джерела, структура |
| Решта назви (НП) |
Монографія |
| 260 ## - Публікація, розповсюдження і т.п. (Вихідні дані) |
| Місце публікації, розповсюдження і т.п. (П) |
К. |
| Ім’я/ наймення видавництва, розповсюджувача і т.п. (П) |
АКАДЕМВИДАВ |
| Дата публікації, розповсюдження і т.п. (П) |
2009 |
| 300 ## - Фізичний опис |
| Обсяг |
256 с. |
| 520 3# - Резюме і т.п. |
| Резюме, реферат, анотація, тощо (НП) |
У монографії вперше в Україні здійснено цілісний аналіз мусульманського права як правового і філософсько-релігієзнавчого феномену. З цією метою розкрито особливості застосування священних і віроповчальних текстів ісламу як головних джерел мусульманськ |
| 520 3# - Резюме і т.п. |
| Резюме, реферат, анотація, тощо (НП) |
ого права, співвідношення та взаємозв’язок таких феноменів, як шаріат, фікх і мусульманське право, з’ясовано методи вирішення правових питань у релігійно-правових школах (мазхабах) сунітського та шиїтського спрямування. Значну увагу приділено дослідже |
| 520 3# - Резюме і т.п. |
| Резюме, реферат, анотація, тощо (НП) |
нню сутності мусульманського права в умовах сучасного цивілізаційного процесу.Прислужиться філософам-релігієзнавцям, правникам, історикам, усім, хто цікавиться минулим і сьогоденням мусульманського світу.ЗмістМусульманське право як визначальна |
| 520 3# - Резюме і т.п. |
| Резюме, реферат, анотація, тощо (НП) |
складова інституалізації ісламуМетодологічні засади розгляду проблем мусульманського праваСпіввідношення та взаємозв’язок понять «шаріат», «фікх», «мусульманське право»Коран і суна як головні джерела мусульманського праваВзаємозв’язок філософ |
| 520 3# - Резюме і т.п. |
| Резюме, реферат, анотація, тощо (НП) |
сько-релігійної та релігійно-правової думок у ранньому ісламіІсламське теоретичне богослов’я і фікхФілософсько раціоналізовані й містичні погляди на шаріат та фікхУтворення ранніх релігійно-правових шкіл і методів вирішення духовно-правових пита |
| 520 3# - Резюме і т.п. |
| Резюме, реферат, анотація, тощо (НП) |
нь Релігійно-правові школи (мазхаби) сунітського та шиїтського спрямування Ханафітський і малікітський мазхаби Шафіїтський і ханбалітський мазхаби Шиїтські мазхаби «Муватта» Маліка Ібн Анаса — визначний документ мусульманських правової та р |
| 520 3# - Резюме і т.п. |
| Резюме, реферат, анотація, тощо (НП) |
елігійної думокТекст і редакції «Муватти» Амаль мединців як складова «Муватти»Коран як джерело моральних і релігійно-правових суджень у «Муватті» Засоби інтерпретації Корану і суни у «Муватті» Мусульманське право у контексті сучасного цивілі |
| 520 3# - Резюме і т.п. |
| Резюме, реферат, анотація, тощо (НП) |
заційного процесуДжерела реформ сучасного мусульманського праваЗастосування ісламських принципів і норм у сучасному мусульманському праві Література |
| 650 #7 - Додаткове предметне введення – тематичний термін |
| Тематичний термін чи географічна назва, як елемент введення (НП) |
29 Нехристиянські релігії |
| Джерело заголовка чи терміна |
UDC |
| 942 ## - Додаткові елементи входу (Коха) |
| Тип елемента Koha |
Книги |
| 955 ## - Код типу видання за змістом |
| Код типу видання за змістом (НП) |
Наукові видання |